| 000 | 00887nam a22002297a 4500 | ||
|---|---|---|---|
| 999 |
_c12121 _d12121 |
||
| 001 | 12121 | ||
| 003 | BD-JhCC | ||
| 005 | 20210316085848.0 | ||
| 008 | 210316s2018 bg ||||| |||| 000 0 ben d | ||
| 020 | _a9789849333067 | ||
| 035 | _a(BD-JhCC)12121 | ||
| 040 |
_aBD-JhCC _dBD-JhCC |
||
| 041 | _aben | ||
| 082 |
_a954.92051092 _bAHM 2018 |
||
| 100 | _aআহমদ, মাহবুব উদ্দিন | ||
| 245 |
_aস্মৃতির পাতায় মুক্তিযুদ্ধের দিনগুলি / _cমাহবুব উদ্দিন আহমদ |
||
| 260 |
_aঢাকা : _bমাওলা ব্রাদার্স, _c২০১৮. |
||
| 300 |
_a১১১ পৃ. : _c২১ সেমি. |
||
| 600 | _aআহমদ, মাহবুব উদ্দিন | ||
| 650 |
_aPersonal narratives _vHistory _xRevolution _y1971 _zBangladesh |
||
| 942 |
_2ddc _cBK |
||